| 000 | 00539nam a22001817a 4500 | ||
|---|---|---|---|
| 005 | 20260227152342.0 | ||
| 010 | _aBACEN26 | ||
| 020 |
_a9788198220608 _c1500.00 |
||
| 037 | _bEss Ess Publications | ||
| 082 | _a000 | ||
| 100 |
_aAvneesh Kumar _987714 |
||
| 245 | _aUniverse of knoweedge in library and information science | ||
| 260 |
_aDelhi _bEss Ess publications _c2025 |
||
| 270 |
_a4831/24, Ansari Road, Darya Ganj _bNew Delhi _e110002 |
||
| 300 |
_a347p. _c25cm(hb) |
||
| 490 | _v1 | ||
| 942 |
_2ddc _cEN _h000 _mAVN |
||
| 999 |
_c215141 _d215141 |
||